Đàm thoại tiếng anh qua điện thoại Bài 27- 53/Tr.83-136

Đã lưu trong:
书目详细资料
格式: 图书
语言:Undetermined
出版: Thành phố Hồ Chí Minh NXB Thành phố Hồ Chí Minh [2004]
主题:
标签: 添加标签
没有标签, 成为第一个标记此记录!
Thư viện lưu trữ: Trung tâm Học liệu Trường Đại học Cần Thơ
LEADER 00598nam a2200205Ia 4500
001 CTU_102049
008 210402s9999 xx 000 0 und d
020 |c 12000 
082 |a 428.24 
082 |b Đ104/Dis.2 
245 0 |a Đàm thoại tiếng anh qua điện thoại 
245 0 |b Bài 27- 53/Tr.83-136 
260 |a Thành phố Hồ Chí Minh 
260 |b NXB Thành phố Hồ Chí Minh 
260 |c [2004] 
650 |a English language 
650 |x Spoken english 
904 |i M.Loan 
915 |a 400 
980 |a Trung tâm Học liệu Trường Đại học Cần Thơ